Lowell: the Spindle City : historic resource study, Lowell National Historical Park /

Bibliographic Details
Main Authors: Fortado, Stephanie (Author), LaBarbera-Twarog, Emily E., 1971- (Author)
Format: Government Document eBook
Language:English
Published: [Washington, D.C.] : National Park Service, U.S. Department of the Interior, 2023.
Subjects:
Online Access:https://purl.fdlp.gov/GPO/gpo234647

MARC

Tag First Indicator Second Indicator Subfields
LEADER 00000nam a2200000 i 4500
001 in00005610421
006 m o d f
007 cr m||||||||||
008 241126s2023 dcuab ob f000 0 eng c
005 20241219165736.1
035 |a (OCoLC)on1473747710 
040 |a GPO  |b eng  |e rda  |e pn  |c GPO  |d MvI 
042 |a pcc 
043 |a n-us-ma 
049 |a WWW 
074 |a 0649 (online) 
086 0 |a I 29.58/3:L 95 
100 1 |a Fortado, Stephanie,  |0 https://id.loc.gov/authorities/names/n2020049983  |e author. 
245 1 0 |a Lowell: the Spindle City :  |b historic resource study, Lowell National Historical Park /  |c Stephanie Fortado, Emily E. LB. Twarog. 
264 1 |a [Washington, D.C.] :  |b National Park Service, U.S. Department of the Interior,  |c 2023. 
300 |a 1 online resource (vi, 180 pages) :  |b illustrations (some color), maps 
336 |a text  |b txt  |2 rdacontent 
337 |a computer  |b c  |2 rdamedia 
338 |a online resource  |b cr  |2 rdacarrier 
500 |a "September 2023." 
500 |a "Prepared for the National Park Service in cooperation with the Organization of American Historians." 
500 |a In scope of the U.S. Government Publishing Office Cataloging and Indexing Program (C&I) and Federal Depository Library Program (FDLP). 
500 |a GPO Cataloging Record Distribution Program (CRDP). 
504 |a Includes bibliographical references (pages 167-180). 
588 |a Description based on online resource, PDF version; title from title page (NPS, viewed November 20, 2024). 
651 0 |a Lowell National Historical Park (Lowell, Mass.)  |0 https://id.loc.gov/authorities/subjects/sh85078660 
651 0 |a Lowell (Mass.)  |x Historiography. 
650 0 |a Textile industry  |z Massachusetts  |z Lowell  |x History. 
651 0 |a Lowell (Mass.)  |x Economic conditions. 
651 0 |a Lowell (Mass.)  |x Social conditions. 
700 1 |a LaBarbera-Twarog, Emily E.,  |d 1971-  |0 https://id.loc.gov/authorities/names/n2017035270  |e author. 
710 1 |a United States.  |b National Park Service,  |0 https://id.loc.gov/authorities/names/n79022809  |e issuing body. 
776 0 8 |i Print version:  |a Fortado, Stephanie.  |t Lowell : the spindle city  |w (OCoLC)1416597208 
856 4 0 |u https://purl.fdlp.gov/GPO/gpo234647  |t 0 
999 f f |i bc228539-fc12-4ae9-897c-6a6fde0fa45d  |s 84707318-46b8-40ce-9f52-828fccd9e3cc  |t 0 
952 f f |a Texas A&M University  |b College Station  |c Electronic Resources  |d Available Online  |t 0  |e I 29.58/3:L 95  |h Superintendent of Documents classification 
998 f f |a I 29.58/3:L 95  |t 0  |l Available Online